Shifting relations : science, technology and technoscience /

"Produced as part of the study materials for ECS810 Educational issues in science and technology, which is one of the units offered by the Faculty of Education in Deakin University's Open Campus Program" - T.p. verso.

Uloženo v:
Podrobná bibliografie
Hlavní autor: Medway, Peter
Korporativní autor: Deakin University. Faculty of Education. Open Campus Program
Médium: Kniha
Jazyk:English
Vydáno: Geelong, Vic. : Deakin University : distributed by Deakin University Press, 1993.
Edice:Educational issues in science and technology
Témata:
LEADER 01550cam a2200349 a 4500
001 c000285049
003 CARM
005 20080721140411.0
008 930628s1993 vraac b 000 0 eng d
019 1 |a 10150997  |5 LACONCORD2021 
020 |a 0730016064 :  |c gratis to enrolled students 
035 |a (OCoLC)38335166  |5 LACONCORD2021 
040 |a ANB  |b eng  |c ANB  |d VDU 
042 |a anuc 
050 4 |a Q181  |b .M42 1993 
082 0 4 |a 507  |2 20 
100 1 |a Medway, Peter. 
245 1 0 |a Shifting relations :  |b science, technology and technoscience /  |c Peter Medway. 
260 |a Geelong, Vic. :  |b Deakin University :  |b distributed by Deakin University Press,  |c 1993. 
300 |a 110 p. :  |b ill., port. ;  |c 25 cm. 
440 0 |a Educational issues in science and technology 
500 |a Cat. no. ECS810MO4. 
500 |a CIP confirmed. 
504 |a Bibliography: p. 107-108. 
520 |a "Produced as part of the study materials for ECS810 Educational issues in science and technology, which is one of the units offered by the Faculty of Education in Deakin University's Open Campus Program" - T.p. verso. 
521 |a For tertiary students. 
650 0 |a Science  |x Study and teaching. 
650 0 |a Technology  |x Study and teaching. 
710 2 |a Deakin University.  |b Faculty of Education.  |b Open Campus Program 
852 8 |b CARM  |h A3:AR17F0  |i C11207  |p 0494786  |f BK 
999 f f |i 3c3af3b0-83ea-5151-8a7b-04042569b3ec  |s d8131fa4-49af-5163-96bc-293989f52c88 
952 f f |p Can circulate  |a CAVAL  |b CAVAL  |c CAVAL  |d CARM 1 Store  |e C11207  |f A3:AR17F0  |h Other scheme  |i book  |m 0494786